<?xml version="1.0" encoding="UTF-8"?>
<collection xmlns="http://www.loc.gov/MARC21/slim">
 <record>
  <leader>01768nam a22002537a 4500</leader>
  <controlfield tag="001">NCT_24680</controlfield>
  <controlfield tag="008">171014b        xxu||||| |||| 00| 0 vie d</controlfield>
  <datafield tag="999" ind1=" " ind2=" ">
   <subfield code="c">1170</subfield>
   <subfield code="d">1170</subfield>
  </datafield>
  <datafield tag="020" ind1=" " ind2=" ">
   <subfield code="a">9786048693688</subfield>
   <subfield code="c">48000</subfield>
  </datafield>
  <datafield tag="082" ind1="0" ind2="4">
   <subfield code="2">22nd ed.</subfield>
   <subfield code="a">346.597043</subfield>
   <subfield code="b">Th103</subfield>
  </datafield>
  <datafield tag="100" ind1="1" ind2=" ">
   <subfield code="a">Lưu Quốc Thái</subfield>
  </datafield>
  <datafield tag="245" ind1="1" ind2="0">
   <subfield code="a">Những vấn đề pháp lý về thị trường quyền sử dụng đất Việt Nam</subfield>
   <subfield code="c">Lưu Quốc Thái</subfield>
  </datafield>
  <datafield tag="260" ind1=" " ind2=" ">
   <subfield code="a">Tp.HCM</subfield>
   <subfield code="b">Hồng Đức </subfield>
   <subfield code="c">2016</subfield>
  </datafield>
  <datafield tag="300" ind1=" " ind2=" ">
   <subfield code="a">284 tr.</subfield>
   <subfield code="c">21cm</subfield>
  </datafield>
  <datafield tag="653" ind1=" " ind2=" ">
   <subfield code="a">Luật học</subfield>
  </datafield>
  <datafield tag="942" ind1=" " ind2=" ">
   <subfield code="2">ddc</subfield>
   <subfield code="c">BK</subfield>
  </datafield>
  <datafield tag="952" ind1=" " ind2=" ">
   <subfield code="0">0</subfield>
   <subfield code="1">0</subfield>
   <subfield code="2">ddc</subfield>
   <subfield code="4">0</subfield>
   <subfield code="6">346_597043000000000_TH103</subfield>
   <subfield code="7">0</subfield>
   <subfield code="9">6330</subfield>
   <subfield code="a">000001</subfield>
   <subfield code="b">000001</subfield>
   <subfield code="d">2018-01-18</subfield>
   <subfield code="o">346.597043 Th103</subfield>
   <subfield code="p">MD.09509</subfield>
   <subfield code="r">2018-01-18</subfield>
   <subfield code="v">48000.00</subfield>
   <subfield code="w">2018-01-18</subfield>
   <subfield code="y">BK</subfield>
  </datafield>
  <datafield tag="952" ind1=" " ind2=" ">
   <subfield code="0">0</subfield>
   <subfield code="1">0</subfield>
   <subfield code="2">ddc</subfield>
   <subfield code="4">0</subfield>
   <subfield code="6">346_597043000000000_TH103</subfield>
   <subfield code="7">0</subfield>
   <subfield code="9">6331</subfield>
   <subfield code="a">000001</subfield>
   <subfield code="b">000001</subfield>
   <subfield code="d">2018-01-18</subfield>
   <subfield code="l">1</subfield>
   <subfield code="o">346.597043 Th103</subfield>
   <subfield code="p">MD.09510</subfield>
   <subfield code="r">2018-10-03</subfield>
   <subfield code="s">2018-07-20</subfield>
   <subfield code="v">48000.00</subfield>
   <subfield code="w">2018-01-18</subfield>
   <subfield code="y">BK</subfield>
  </datafield>
  <datafield tag="952" ind1=" " ind2=" ">
   <subfield code="0">0</subfield>
   <subfield code="1">0</subfield>
   <subfield code="2">ddc</subfield>
   <subfield code="4">0</subfield>
   <subfield code="6">346_597043000000000_TH103</subfield>
   <subfield code="7">0</subfield>
   <subfield code="9">6332</subfield>
   <subfield code="a">000001</subfield>
   <subfield code="b">000001</subfield>
   <subfield code="d">2018-01-18</subfield>
   <subfield code="l">2</subfield>
   <subfield code="m">1</subfield>
   <subfield code="o">346.597043 Th103</subfield>
   <subfield code="p">MD.09511</subfield>
   <subfield code="r">2019-08-22</subfield>
   <subfield code="s">2019-08-21</subfield>
   <subfield code="v">48000.00</subfield>
   <subfield code="w">2018-01-18</subfield>
   <subfield code="y">BK</subfield>
  </datafield>
  <datafield tag="952" ind1=" " ind2=" ">
   <subfield code="0">0</subfield>
   <subfield code="1">0</subfield>
   <subfield code="2">ddc</subfield>
   <subfield code="4">0</subfield>
   <subfield code="6">346_597043000000000_TH103</subfield>
   <subfield code="7">0</subfield>
   <subfield code="9">6333</subfield>
   <subfield code="a">000001</subfield>
   <subfield code="b">000001</subfield>
   <subfield code="d">2018-01-18</subfield>
   <subfield code="l">1</subfield>
   <subfield code="o">346.597043 Th103</subfield>
   <subfield code="p">MD.09512</subfield>
   <subfield code="r">2019-04-25</subfield>
   <subfield code="s">2019-04-09</subfield>
   <subfield code="v">48000.00</subfield>
   <subfield code="w">2018-01-18</subfield>
   <subfield code="y">BK</subfield>
  </datafield>
  <datafield tag="952" ind1=" " ind2=" ">
   <subfield code="0">0</subfield>
   <subfield code="1">0</subfield>
   <subfield code="2">ddc</subfield>
   <subfield code="4">0</subfield>
   <subfield code="6">346_597043000000000_TH103</subfield>
   <subfield code="7">0</subfield>
   <subfield code="9">6334</subfield>
   <subfield code="a">000001</subfield>
   <subfield code="b">000001</subfield>
   <subfield code="d">2018-01-18</subfield>
   <subfield code="o">346.597043 Th103</subfield>
   <subfield code="p">MD.09513</subfield>
   <subfield code="r">2018-01-18</subfield>
   <subfield code="v">48000.00</subfield>
   <subfield code="w">2018-01-18</subfield>
   <subfield code="y">BK</subfield>
  </datafield>
  <datafield tag="952" ind1=" " ind2=" ">
   <subfield code="0">0</subfield>
   <subfield code="1">0</subfield>
   <subfield code="2">ddc</subfield>
   <subfield code="4">0</subfield>
   <subfield code="6">346_597043000000000_TH103</subfield>
   <subfield code="7">0</subfield>
   <subfield code="9">21144</subfield>
   <subfield code="a">000001</subfield>
   <subfield code="b">000001</subfield>
   <subfield code="d">2021-04-04</subfield>
   <subfield code="o">346.597043 Th103</subfield>
   <subfield code="p">MD.18402</subfield>
   <subfield code="r">2021-04-04</subfield>
   <subfield code="v">48000.00</subfield>
   <subfield code="w">2021-04-04</subfield>
   <subfield code="y">BK</subfield>
  </datafield>
  <datafield tag="952" ind1=" " ind2=" ">
   <subfield code="0">0</subfield>
   <subfield code="1">0</subfield>
   <subfield code="2">ddc</subfield>
   <subfield code="4">0</subfield>
   <subfield code="6">346_597043000000000_TH103</subfield>
   <subfield code="7">0</subfield>
   <subfield code="9">21145</subfield>
   <subfield code="a">000001</subfield>
   <subfield code="b">000001</subfield>
   <subfield code="d">2021-04-04</subfield>
   <subfield code="o">346.597043 Th103</subfield>
   <subfield code="p">MD.18403</subfield>
   <subfield code="r">2021-04-04</subfield>
   <subfield code="v">48000.00</subfield>
   <subfield code="w">2021-04-04</subfield>
   <subfield code="y">BK</subfield>
  </datafield>
  <datafield tag="980" ind1=" " ind2=" ">
   <subfield code="a">Thư viện Trường Đại học Nam Cần Thơ</subfield>
  </datafield>
 </record>
</collection>
